Guess The Cinderella Team - Statistics

General Stats
  • This quiz has been taken 10 times
  • The average score is 4 of 8
Answers on the Grid
Answers color-coded by a green-red scale on the quiz's grid according to % correct below.
George Mason
Duke
Virginia
Princeton
Alabama
LSU
Cal Baptist
Gonzaga
St. Peter's
Tennessee
NC State
UNC Charlotte
James Madison
High Point
FAU
UMBC (1 Game)
Arkansas
FGCU
Cal State Fullerton
VCU
 
Answer Stats
Answer % Correct
George Mason
86%
St. Peter's
71%
Princeton
57%
UMBC (1 Game)
57%
VCU
57%
NC State
43%
FAU
29%
FGCU
29%
No matching quizzes found
Score Distribution
Percent of People with Each Score
Percentile by Number Answered
Your Score History
You have not taken this quiz